000 00662cam a22002053a 4500
001 43655
003 PGUSA
005 20140828084007.0
008 130906s2013||||xxu|||||s|||||000 | eng d
040 _aPGUSA
_beng
042 _adc
100 1 _aStanley, Henry M.
_q(Henry Morton),
_d1841-1904
245 1 0 _aIn Darkest Africa, Vol. 2; or The Quest, Rescue, and Retreat of Emin Governor of Equatoria
_h[electronic resource] /
_cHenry M. Stanley
260 _bProject Gutenberg,
_c2013
506 _aPublic domain in the USA.
516 _aElectronic text
830 0 _aProject Gutenberg
_v43655
856 4 0 _uhttp://www.gutenberg.org/ebooks/43655
942 _cEB
999 _c272906
_d272906